Fitter Happier by Radiohead Lyrics - Statistics

General Stats
  • This quiz has been taken 115 times
  • The average score is 104 of 237
Answer Stats
% Correct
Fitter
96%
Fitter,
96%
Happier
96%
More
92%
more
92%
productive
92%
a
85%
A
85%
An
81%
in
79%
In
79%
(no
79%
No
79%
(No
79%
on
77%
On
77%
to
75%
the
73%
(the
73%
antibiotics
67%
cage
67%
pig
67%
at
65%
At
65%
drink
65%
Not
65%
not
65%
better
63%
gym
62%
much
62%
too
62%
exercise
60%
and
58%
Regular
58%
week)
58%
with
58%
(3
56%
drinking
56%
days
52%
Comfortable
48%
Eating
48%
Getting
48%
your
48%
microwave
46%
of
46%
associate
44%
dinners
44%
employee
44%
good
44%
seat)
44%
(baby
42%
baby
42%
back
42%
healthier
42%
so
42%
fats)
40%
saturated
40%
well
40%
cry
38%
then)
38%
down
37%
film
37%
or
37%
bad
35%
kisses
35%
saliva
35%
spiders
35%
Still
35%
wash
35%
dreams)
33%
ease
33%
laugh
33%
love
33%
Sleeping
33%
ability
31%
all
31%
car
31%
Car
31%
driver
31%
Like
31%
now
31%
Now
31%
smiling
31%
washing
31%
animals
29%
but
29%
(but
29%
contemporaries
29%
cries
29%
(never
29%
public
29%
safer
29%
shit
29%
cat
27%
Fond
27%
for
27%
Frozen
27%
Less
27%
longer
27%
pace
27%
paranoia
27%
plughole)
27%
stick
27%
supermarket
27%
that
27%
Tied
27%
Careful
25%
driven
25%
into
25%
Sundays
25%
Sundays)
25%
weakness)
25%
Will
25%
winter
25%
afraid
23%
credit
23%
(enjoy
23%
(hole
23%
That's
23%
wall)
23%
bank
21%
check
21%
childish
21%
Favours
21%
favours
21%
friends
21%
(moral)
21%
patient,
21%
society
21%
water
21%
dark
19%
desperate
19%
frequently
19%
member
19%
Nothing
19%
(shot
19%
strapped
19%
teenage
19%
ants)
17%
boiling
17%
Calm
17%
informed
17%
old
17%
putting
17%
(also
15%
chance
15%
contact
15%
killing
15%
moths
15%
Concerned
13%
empowered
13%
idealism)
13%
memory
13%
ridiculously
13%
ring
13%
road
13%
self-employed
13%
calculated
12%
empty
12%
frantic
12%
illness
12%
Keep
12%
midday
12%
powerless)
12%
(pragmatism
12%
shadows
12%
Charity
10%
escape
10%
orders
10%
Slower
10%
standing
10%
grip
8%
Tyres
8%
wet
8%
No matching quizzes found
Score Distribution
Percent of People with Each Score
Percentile by Number Answered
Your Score History
You have not taken this quiz